000 00908nam a2200193Ia 4500
008 151121s9999||||xx |||||||||||||| ||und||
082 _aबा। वि।
082 _bHNW-73215
100 _aदेशपांडे सुनंदा- अनु। खम्बादकोणे।
245 _aग्रीष्म ऋतूतील स्पर्धा
260 _b"नॅशनल बुक ट्रस्ट इंडिया, नवी दिल्ली।"
260 _c--
300 _a0
600 _aदेशपांडे सुनंदा- अनु। खम्बादकोणे।
630 _aग्रीष्म ऋतूतील स्पर्धा
700 _aदेशपांडे सुनंदा- अनु। खम्बादकोणे।
730 _aग्रीष्म ऋतूतील स्पर्धा
942 _cBOOK
999 _c1254673
_d1254670